Antecedentes técnicos y metodología para presupuestación en establecimientos lecheros /
Guardado en:
| Autor Principal: | |
|---|---|
| Autores Corporativos: | , , |
| Formato: | Libro |
| Idioma: | Spanish |
| Publicado: |
Montevideo :
Hemisferio Sur,
1983.
|
| Edición: | 2a ed. |
| Etiquetas: |
Agregar Etiqueta
Sin Etiquetas, Sea el primero en etiquetar este registro!
|
| LEADER | 00711nam a22001815a 4500 | ||
|---|---|---|---|
| 001 | EEA.libagro003545 | ||
| 005 | 20190531112705.0 | ||
| 008 | 130809s1983####xx############000#0#spa#d | ||
| 082 | 0 | 4 | |a 636.20884 |
| 100 | 1 | |a Leborgne, Raúl. | |
| 245 | 1 | 0 | |a Antecedentes técnicos y metodología para presupuestación en establecimientos lecheros / |c Raúl Leborgne. |
| 250 | |a 2a ed. | ||
| 260 | |a Montevideo : |b Hemisferio Sur, |c 1983. | ||
| 300 | |a 54 p. ; |c 19 cm. | ||
| 710 | 2 | |a Organización de las Naciones Unidas para la Agricultura y Alimentación. | |
| 710 | 2 | |a Programa de las Naciones Unidas para el Desarrollo. | |
| 710 | 2 | |a Federación Uruguaya de Grupos CREA. | |
| 859 | |a AR-BbBCA |b BIB. AGRONOMIA |h 636.20884 |i L123a2 |p 1985/0782 | ||
